000 01513cad a22002295a 4500
001 E148098
008 090723e20090722xxkd f s 000 0 eng u
035 _a(Sirsi) u148098
041 _aeng
050 _a630 $2 18
110 2 _aRoyal Institution of Chartered Surveyors
_bEconomics
_95033
245 0 0 _aRICS rural land market survey Great Britain
_bH1 2009
_h[electronic resource]
260 _aLondon
_bRICS
_c2009
490 0 0 _aRICS Rural Land Market Survey Great Britain
_vFirst Half 2009
520 _aReports that demand for commercial farmland rebounded during H1 2009, while residential farmland demand continued to fall sharply. Arable land prices fell by 1% from £13 182 per hectare to £13 085 per hectare. Pasture land prices fell by 2% from £11 490 per hectare to £11 260 per hectare in H1 2009. The weighted average price of the two fell from £12 336 per hectare in H2 2008 to £12, 72 in H1 2009 (a 1% fall). The RICS transaction-based measure (which includes residential farmland) shows a larger fall in farmland prices. On this measure the weighted average price of farmland fell from £16 342 to £15 114 (a 7.5% fall).
590 _aKA
650 2 4 _aRICS RURAL LAND MARKET SURVEY GREAT BRITAIN
651 4 _aGreat Britain
_y1707-
690 _aPROPERTY-RURAL AND NATURAL ASSETS-RURAL AND NATURAL ASSET MARKET
856 4 0 _uhttps://www.rics.org/profession-standards/knowledge-and-information-services/document-delivery-and-o
_zemail [email protected] to request a copy
942 _n0
999 _c109877
_d109877